Регионална библиотека "Любен Каравелов" - Русе

Съкратени протоколи на Петия конгрес на Търговско-индустриалните камари в България (Запис номер 130487)

MARC детайли
000 -Лидер
Контролно поле с фиксирана дължина nam a22 a 4500
003 - Код на организацията, давaща контролен номер
Контролно поле BLK
005 - Дата и час на последна редакция
Контролно поле 20220208111921.0
008 - Елементи от данни с фиксирана дължина
fixed length control field 180409b bul|||||r ||||||| ||bul||
010 ## - Наследен системен номер
LC control number KNG00136252000
040 ## - Източник на каталожния запис
Идентификатор на билиотеката - собственик на записа BLK
041 ## - Код за език
Код за езика на текст/звукозапис или на отделно заглавие Български
Код за езика КДБФ Български
080 ## - УДК
Текстов определител УДК Занаятчийски и индустриални камари. Търговски палати
УДК код - определител по УДК 334.788.2
УДК определител (497.2)(063)
УДК - код + определител 334.788.2(497.2)(063)
110 1# - Редна дума - колетивен орган
Редна дума - наименование на организация или юридическо лице България. Търговско-индустриални камари
9 (RLIN) 321755
139 ## - Редно поле
Редна дума България. Търговско-индустриални камари
Авторски знак Бъл - Б 92
245 10 - Сведения за заглавието
Заглавие Съкратени протоколи на Петия конгрес на Търговско-индустриалните камари в България
Подзаглавни данни 5 - 9 авг. 1923 г. - Бургас
257 ## - Страна на издаване
Страна на създаване/издаване България
260 ## - Област на издателските данни
Място на издаване, разпространение и проч. Бургас
Име на издателя, разпространителя и проч. Търг.-индустр. камари в България
Година на издаване 1924
Печатница Бургас : печ. бр. Симеонови
300 ## - Физическа характеристика
Страници 239 с.
Размери/Мащаб 23 см
380 ## - Жанр
Жанр Обществени науки
500 ## - Общи забележки
Забележка Раздел ІІ съдържа и Реферати : Данъчната тежест и народното стопанство / Ж. Бурилков. 1924. Нашата митническа тарифа в свръзка с предстоящите ни търговски договори / Васил Бахаров. 1924. По закона за насърдчение местната индустрия / Д. Духовников. 1924. По амбулантната търговия / Д. Духовников. 1924.
650 #4 - Допълнително описание по предмет – тема
Основно описание – тема или топоним Камари, търговско-индустриални
9 (RLIN) 280620
651 #4 - Допълнително описание по предмет - топоним
Географско понятие България
9 (RLIN) 241624
651 #4 - Допълнително описание по предмет - топоним
Географско понятие Бургас
9 (RLIN) 178676
653 ## - Ключова дума – ненормативна
Ключова дума камари
653 ## - Ключова дума – ненормативна
Ключова дума конгреси
653 ## - Ключова дума – ненормативна
Ключова дума протоколи
852 ## - Местоположение
Форматна сигнатура Цб 3.185.29025
852 ## - Местоположение
Форматна сигнатура К 334/ Б 92
856 4# - Електронен адрес и достъп
Електронен формат pdf - файл
856 4# - Електронен адрес и достъп
Електронен формат pdf - файл
999 ## - СИСТЕМНИ КОНТРОЛНИ НОМЕРА
Koha biblionumber 130487
Koha biblioitemnumber 130487
942 ## - АРТИКУЛИ
Вид на библиотечния материал Книги
Скрит в OPAC Не
Периодичен библиозапис Да
944 ## - СЪЗДАВАНЕ И РЕДАКЦИЯ на ЗАПИСА
Създаване/Редакция Създаване
Дата на регистрацията/редакция 15.11.2012
Статус, дата на статуса ф / 15.11.2012
Служител, извършил регистрацията/редакцията Наталия_Медовщикова
944 ## - СЪЗДАВАНЕ И РЕДАКЦИЯ на ЗАПИСА
Създаване/Редакция Редакция
Дата на регистрацията/редакция 26.11.2012
Статус, дата на статуса ф / 15.11.2012
999 ## - СИСТЕМНИ КОНТРОЛНИ НОМЕРА
Koha biblioitemnumber 130487
999 ## - СИСТЕМНИ КОНТРОЛНИ НОМЕРА
Koha biblioitemnumber 130487
Наличности
Код за отписване Код за изгубен артикул Източник на класификационната схема Код за повреда Коз за рестрикции Код за отдаване Артикулен № Име на библиотеката - собственик Име на библиотеката, в която се намира в момента Статус (Текущо местоположение) Дата на вписване в системата Местоположение - отдел Цена в лева Инвентарен номер Систематично азбучна сигнатура Баркод Номер на екземпляра Цена в евро Служебна бележка Служебен тип на артикула
  Не е изгубен Universal Decimal Classification Не е повреден без рестрикции ползва се в читалня 212172 Регионална библиотека "Любен Каравелов" Русе Регионална библиотека "Любен Каравелов" Русе Хранилище 1924-01-01 Основен фонд - ползва се само за читалня 0.19 26498 Цб 3.185.29025 900000042188 1 0.10 N: стар фонд Дата: 01.01.1924 Книги
  Не е изгубен Universal Decimal Classification Не е повреден без рестрикции ползва се в читалня 212173 Регионална библиотека "Любен Каравелов" Русе Регионална библиотека "Любен Каравелов" Русе Хранилище 1924-01-01 Основен фонд - ползва се само за читалня 0.32 26557 Цб 3.185.29025 900000049706 2 0.16 N: стар фонд Дата: 01.01.1924 Книги
  Не е изгубен Universal Decimal Classification Не е повреден без рестрикции ползва се в читалня 212174 Регионална библиотека "Любен Каравелов" Русе Регионална библиотека "Любен Каравелов" Русе Краезнание 1924-01-01 Краезнание 0.50 16922/66 К 334/ Б 92 900000003146 3 0.26 N: стар фонд Дата: 01.01.1924 Дата инв: 09.11.2017 Бележки инв: К2017 Книги
Vip Innovations Ltd, Rousse, Bulgaria 2025